LIBRARY & INFORMATION CENTRE, KCAET, TAVANUR

ONLINE PUBLIC ACCESS CATALOGUE (OPAC)

Yeshpal ki shresht kahani / (Record no. 2424)

MARC details
000 -LEADER
fixed length control field 00341cam a2200145ua 4500
041 ## - LANGUAGE CODE
Language code of text/sound track or separate title hin
082 ## - DEWEY DECIMAL CLASSIFICATION NUMBER
Classification number 891.43
Item number YAS/YA
100 ## - MAIN ENTRY--AUTHOR NAME
Personal name Yeshpal, .
245 ## - TITLE STATEMENT
Title Yeshpal ki shresht kahani /
260 ## - PUBLICATION, DISTRIBUTION, ETC. (IMPRINT)
Place of publication :
Name of publisher Rajkamal Prakash ,
Year of publication 1988.
300 ## - PHYSICAL DESCRIPTION
Number of Pages ; .
942 ## - ADDED ENTRY ELEMENTS (KOHA)
Koha item type Books
Holdings
Withdrawn status Lost status Damaged status Home library Current library Date acquired Full call number Accession Number Koha item type
Withdrawn     KAUAET Sanskrit University 07/04/2012 891.43 1877 Books
free website counter